00619nam a2200193Ia 4500003000900000008004100009020003100050020003000081040001600111100002400127245005100151250001200202260004800214300002000262650001600282650003800298650001600336856007300352IN-BaIIA211028s9999 xx s 000 0 eng d a978-0-511777-53-0 (Online) a978-0-521515-32-0 (Print) cIIA Library aProsperetti, Andrea 0aAdvanced Mathematics for Applicationsh[eBook] a1st ed. aCambridgebCambridge University Pressc2012 aOnline resource aEngineering aMathematical Modeling and Methods aMathematics uhttps://doi.org/10.1017/CBO9780511777530yClick Here to Access eBook